00370pab a2200145 454500008004000000100002300040245002200063260000900085300001000094362001000104650003800114650002900152650002800181773001500209180718b1997 xxu||||| |||| 00| 0 eng d aPrasad, Pradhan H. aViolence in Bihar c1997 ap.7-8 a7 Jun aCivil disturbance - India - Bihar aViolence - India - Bihar aPolitics and government aMainstream